XVI Congress of the International Organization for Septuagint and Cognate Studies: Stellenbosch, 2016

Cover -- Contents -- Abbreviations -- Introduction -- Josephus, Origen, and John the Baptist: Exposing a Christian Apologist's Deceit -- Ending of the Canticum Mosis (Deuteronomy 32:43) and Its Reception in Hebrews 1:6 - A Fresh Look -- Three Elders: Onias III, Eleazar and the Razis as the Embo...

Full description

Saved in:  
Bibliographic Details
Main Author: Kotzé, Gideon R. 1982- (Author)
Contributors: Kraus, Wolfgang 1955- (Contributor) ; Meer, Michaël N. van der 1968- (Contributor)
Format: Electronic Book
Language:English
Subito Delivery Service: Order now.
Check availability: HBZ Gateway
Interlibrary Loan:Interlibrary Loan for the Fachinformationsdienste (Specialized Information Services in Germany)
Published: Atlanta Society of Biblical Literature 2019
In:Year: 2019
Reviews:[Rezension von: XVI Congress of the International Organization for Septuagint and Cognate Studies, Stellenbosch, 2016] (2023) (De Troyer, Kristin, 1963 -)
[Rezension von: XVI Congress of the International Organization for Septuagint and Cognate Studies, Stellenbosch, 2016] (2023) (Pass, Benjamin)
Series/Journal:Septuagint and Cognate Studies v.71
Further subjects:B Electronic books
Online Access: Volltext (Aggregator)
Parallel Edition:Erscheint auch als: 9780884143604

MARC

LEADER 00000cam a22000002c 4500
001 1669887707
003 DE-627
005 20241217205945.0
007 cr uuu---uuuuu
008 190723s2019 xx |||||o 00| ||eng c
020 |a 9780884143611  |9 978-0-88414-361-1 
035 |a (DE-627)1669887707 
035 |a (DE-599)KEP044214081 
035 |a (EBL)EBL5780991 
035 |a (EBC)EBC5780991 
035 |a (DE-627-1)044214081 
040 |a DE-627  |b ger  |c DE-627  |e rda 
041 |a eng 
084 |a 1  |2 ssgn 
100 1 |8 1\p  |e VerfasserIn  |0 (DE-588)1037995104  |0 (DE-627)756523516  |0 (DE-576)391985426  |4 aut  |a Kotzé, Gideon R.  |d 1982- 
109 |a Kotzé, Gideon R. 1982-  |a Kotzé, Gideon 1982-  |a Kotzé, Gideon Rudolph 1982- 
245 1 0 |a XVI Congress of the International Organization for Septuagint and Cognate Studies  |b Stellenbosch, 2016 
264 1 |a Atlanta  |b Society of Biblical Literature  |c 2019 
264 4 |c ©2019 
300 |a 1 online resource (277 pages) 
336 |a Text  |b txt  |2 rdacontent 
337 |a Computermedien  |b c  |2 rdamedia 
338 |a Online-Ressource  |b cr  |2 rdacarrier 
490 0 |a Septuagint and Cognate Studies  |v v.71 
500 |a Description based on publisher supplied metadata and other sources 
520 |a Cover -- Contents -- Abbreviations -- Introduction -- Josephus, Origen, and John the Baptist: Exposing a Christian Apologist's Deceit -- Ending of the Canticum Mosis (Deuteronomy 32:43) and Its Reception in Hebrews 1:6 - A Fresh Look -- Three Elders: Onias III, Eleazar and the Razis as the Embodiment of Judaism in 2 Maccabees -- Demetrius and the Early Reception of the Septuagint -- Was the Earth Invisible (LXX Gen 1:2)? A Response to Pieter W. van der Horst -- Semiotic Approach to Analyzing the Widows and Orphans as an Index in 2 Maccabees 3:10 -- Just Like Puericide: The Greek Translation and Interpretation of a Debated Hebrew Phrase in Lamentations 1:20 -- Ps 40(39):7-9 in the Hebrew Bible and in the Septuagint, with Its Reception in the New Testament (Heb 10:5-10) -- Samaria's Downfall in the Versions: The Masoretic Text, Vaticanus, and the So-Called Lucianic Recension -- Perhaps in the Septuagint -- Rethinking the Original Language of the Book of Judith -- Visio Dei in the Septuagint -- Doublets in the Catena of the Paris Psalter: An Analysis of Psalms 1, 3, and 5 -- Future Indicative as Imperative in the Septuagint -- Contributors -- Index of Ancient Sources -- Index of Modern Authors. 
601 |a Stellenbosch 
650 4 |a Electronic books 
700 1 |8 2\p  |e MitwirkendeR  |0 (DE-588)130591904  |0 (DE-627)504169084  |0 (DE-576)254364837  |4 ctb  |a Kraus, Wolfgang  |d 1955- 
700 1 |8 3\p  |e MitwirkendeR  |0 (DE-588)173469531  |0 (DE-627)698383028  |0 (DE-576)134315014  |4 ctb  |a Meer, Michaël N. van der  |d 1968- 
776 1 |z 9780884143604 
776 0 8 |i Erscheint auch als  |n Druck-Ausgabe  |z 9780884143604 
787 0 8 |i Rezensiert in  |a De Troyer, Kristin, 1963 -   |t [Rezension von: XVI Congress of the International Organization for Septuagint and Cognate Studies, Stellenbosch, 2016]  |d 2023  |w (DE-627)183377518X 
787 0 8 |i Rezensiert in  |a Pass, Benjamin  |t [Rezension von: XVI Congress of the International Organization for Septuagint and Cognate Studies, Stellenbosch, 2016]  |d 2023  |w (DE-627)1861108648 
856 4 0 |u https://ebookcentral.proquest.com/lib/kxp/detail.action?docID=5780991  |m X:EBC  |x Aggregator  |7 1 
883 |8 1\p  |a cgwrk  |d 20241001  |q DE-101  |u https://d-nb.info/provenance/plan#cgwrk 
883 |8 2\p  |a cgwrk  |d 20241001  |q DE-101  |u https://d-nb.info/provenance/plan#cgwrk 
883 |8 3\p  |a cgwrk  |d 20241001  |q DE-101  |u https://d-nb.info/provenance/plan#cgwrk 
912 |a ZDB-30-PQE 
935 |a BIIN 
951 |a BO 
BIB |a 1 
ELC |a 1 
LOK |0 000 xxxxxcx a22 zn 4500 
LOK |0 001 4272043854 
LOK |0 003 DE-627 
LOK |0 004 1669887707 
LOK |0 005 20230214083932 
LOK |0 008 230214||||||||||||||||ger||||||| 
LOK |0 040   |a DE-Tue135-1  |c DE-627  |d DE-Tue135-1 
LOK |0 852   |a DE-Tue135-1 
LOK |0 852 1  |m p  |9 00 
LOK |0 935   |a inmo 
LOK |0 938   |k p 
LOK |0 939   |a 14-02-23  |b l01 
ORI |a SA-MARC-ixtheoa001.raw 
SUB |a BIB